Murder in clichy

Đã lưu trong:
Bibliografiske detaljer
Hovedforfatter: Black, Cara
Format: Bog
Sprog:Undetermined
Udgivet: New York Soho 2005
Fag:
Tags: Tilføj Tag
Ingen Tags, Vær først til at tagge denne postø!
Thư viện lưu trữ: Trung tâm Học liệu Trường Đại học Cần Thơ
LEADER 00576nam a2200193Ia 4500
001 CTU_141283
008 210402s9999 xx 000 0 und d
082 |a 813.54 
082 |b B627 
100 |a Black, Cara 
245 0 |a Murder in clichy 
245 0 |c Cara Black 
260 |a New York 
260 |b Soho 
260 |c 2005 
650 |a Leduc, Aimee (Fictitious character),Art,Leduc, Aimee,Nghệ thuật 
650 |x Collectors and collecting,Sưu tầm và thu thập 
904 |i Trọng Hải 
980 |a Trung tâm Học liệu Trường Đại học Cần Thơ